Un siglo de historia musical

Gespeichert in:
Bibliographische Detailangaben
1. Verfasser: Almeida, Jaime (VerfasserIn)
Format: Buch
Sprache:Spanisch
Veröffentlicht: Ciudad de México Consejo Nacional para la Cultura y las Artes 2015
Ciudad de México Milenio Diario 2015
Ausgabe:1a. ed
Schlagworte:
Tags: Tag hinzufügen
Keine Tags, Fügen Sie den ersten Tag hinzu!

MARC

LEADER 00000cam a2200000 a 4500
001 UCD7614
003 CL-VaPUC
008 170331e20150000mx |||||||||||||||||spa|d
020 |a 9786077452997 
082 0 4 |a 780.9  |b ALM  |2 21 
100 0 |a Almeida, Jaime  |e author  |9 591620 
245 1 3 |a Un siglo de historia musical 
250 |a 1a. ed 
300 |a 311 p 
942 |c BK 
945 |d 20170331 00:58:00  |a dcastane 
260 |a Ciudad de México  |b Consejo Nacional para la Cultura y las Artes  |c 2015 
260 |a Ciudad de México  |b Milenio Diario  |c 2015 
650 0 |a Historia del rock  |9 471724 
650 0 |a Historia de la música  |9 306741 
650 0 |a Estilos musicales  |9 471725 
583 |a last modification  |c 20170331 00:58:00  |k Rodrigo Vera 
999 |c 367590  |d 367588 
952 |0 0  |1 0  |3 erd  |4 0  |6 780_900000000000000_ALM_2015_2015  |7 0  |8 R  |9 482570  |a BIBEDU  |b BIBEDU  |i 5361273  |o 780.9 ALM 2015 2015  |p 5361273  |r 2023-01-12  |w 2019-11-24  |y BK_R  |z Catalogado en:20170331  |k MUS